[Event "Birzai-ch"]
[Site "Birzai"]
[Date "2011.11.16"]
[Round "4"]
[White "Aukstikalnis, Gytis"]
[Black "Arlikevicius, Lukas"]
[Result "1-0"]
[WhiteElo "1751"]
[BlackElo "1995"]
[PlyCount "109"]
[EventDate "2011.11.07"]
[EventType "swiss"]
[EventRounds "9"]
[EventCountry "LTU"]
[SourceTitle "EXT 2013"]
[Source "ChessBase"]
[SourceDate "2012.11.22"]
[SourceVersion "1"]
[SourceVersionDate "2012.11.22"]
[SourceQuality "1"]

1. e4 e5 2. Bc4 Nf6 3. Nc3 Bc5 4. h3 0-0 5. d3 h6 6. Nf3 Nc6 7. Qe2 d6 8. Be3 Bxe3 9. Qxe3 Be6 10. Bb5 a6 11. Bxc6 bxc6 12. 0-0 d5 13. d4 exd4 14. Nxd4 dxe4 15. Nxe4 Nxe4 16. Nxe6 fxe6 17. Qxe4 Qf6 18. c3 Rad8 19. Qe2 Qf4 20. Rad1 Rde8 21. Rd3 Qg5 22. Rd7 Rf6 23. Rxc7 Ref8 24. Rxc6 Rg6 25. g3 h5 26. Rxe6 h4 27. Rxg6 Qxg6 28. Kh2 hxg3+ 29. fxg3 Re8 30. Qd1 Re3 31. Rf3 Re8 32. Kg2 Qc6 33. b3 Rf8 34. c4 a5 35. Qd5+ Qxd5 36. cxd5 Rc8 37. d6 Rc2+ 38. Rf2 Rxf2+ 39. Kxf2 Kf8 40. Ke3 Ke8 41. Kd4 Kd7 42. Kd5 g6 43. a3 g5 44. b4 g4 45. hxg4 axb4 46. axb4 Kd8 47. Kc6 Ke8 48. Kc7 Kf7 49. d7 Kg6 50. d8Q Kh6 51. Qd5 Kh7 52. Qd6 Kg7 53. Qe6 Kh7 54. Qf6 Kg8 55. b5 1-0